La formación permanente en la empresa / (Registro nro. 367)
[ vista simple ]
| 000 -LEADER | |
|---|---|
| fixed length control field | 01476nam a2200265Ia 4500 |
| 003 - CONTROL NUMBER IDENTIFIER | |
| control field | PE SENCICO BE |
| 005 - DATE AND TIME OF LATEST TRANSACTION | |
| control field | 20251020182435.0 |
| 008 - FIXED-LENGTH DATA ELEMENTS--GENERAL INFORMATION | |
| fixed length control field | 200515s9999 xx 000 0 und d |
| 020 ## - INTERNATIONAL STANDARD BOOK NUMBER | |
| International Standard Book Number | 84-267-0693-2 |
| 040 ## - CATALOGING SOURCE | |
| Original cataloging agency | PE SENCICO BE |
| Transcribing agency | PE SENCICO BE |
| 041 ## - LANGUAGE CODE | |
| Language code of text/sound track or separate title | spa |
| 082 ## - DEWEY DECIMAL CLASSIFICATION NUMBER | |
| Classification number | 378.013 |
| Item number | C29 |
| 100 1# - MAIN ENTRY--PERSONAL NAME | |
| Personal name | Castanyer Figueras, Francesc |
| 9 (RLIN) | 3041 |
| Relator term | autor |
| 245 10 - TITLE STATEMENT | |
| Title | La formación permanente en la empresa / |
| Statement of responsibility, etc. | Francesc Castanyer Figueras |
| 260 ## - PUBLICATION, DISTRIBUTION, ETC. | |
| Place of publication, distribution, etc. | Barcelona : |
| Name of publisher, distributor, etc. | Marcombo ; |
| Date of publication, distribution, etc. | 1988 |
| 300 ## - PHYSICAL DESCRIPTION | |
| Extent | 160 páginas : |
| Other physical details | tablas, gráficos ; |
| Dimensions | 24 cm. |
| 490 ## - SERIES STATEMENT | |
| Series statement | Colección Prodúctica |
| Volume/sequential designation | 12 |
| 505 0# - FORMATTED CONTENTS NOTE | |
| Formatted contents note | La función formación en la empresa -- Planificación de la formación -- Formulación de objetivos -- Concepción y desarrollo de los instrumentos de formación -- Formación de ejecutantes -- Formación de mandos intermedios -- Formación de directivos -- Métodos de formación según los objetivos -- Soportes materiales para las acciones de formación. |
| 520 3# - SUMMARY, ETC. | |
| Summary, etc. | Proporciona a los responsables de la formación dentro de la empresa, una guía para el enfoque de sus actividades en este campo, así como elementos de juicio para la selección de los métodos a utilizar, dentro de la amplia gama de posibilidades que hoy se ofrecen al profesional. |
| 650 10 - SUBJECT ADDED ENTRY--TOPICAL TERM | |
| Topical term or geographic name entry element | Formación profesional |
| 9 (RLIN) | 1311 |
| 650 20 - SUBJECT ADDED ENTRY--TOPICAL TERM | |
| Topical term or geographic name entry element | Planificación empresarial |
| 9 (RLIN) | 419 |
| 650 20 - SUBJECT ADDED ENTRY--TOPICAL TERM | |
| Topical term or geographic name entry element | Estrategias de aprendizaje |
| 9 (RLIN) | 2409 |
| 650 20 - SUBJECT ADDED ENTRY--TOPICAL TERM | |
| Topical term or geographic name entry element | Administración por objetivos |
| 9 (RLIN) | 3027 |
| 942 ## - ADDED ENTRY ELEMENTS (KOHA) | |
| Koha item type | Libros |
| Source of classification or shelving scheme | Dewey Decimal Classification |
| Fecha de la última vez que lo usaron | Número de ingreso o de inventario | Pago total | Signatura topográfica completa | Código de barras | Precio efectivo desde | Tipo de documento | Estado perdido | Sistema de clasificación | Estado dañado | No es para préstamo | Retirado | Ubicación permanente | Ubicación actual | Fecha de adquisición |
|---|---|---|---|---|---|---|---|---|---|---|---|---|---|---|
| 15/05/2020 | 6978 | 378.013/C29 | BibLima25040069 | 15/05/2020 | Libros | Dewey Decimal Classification | Biblioteca Central Lima | Biblioteca Central Lima | 01/07/1997 |